লোডিং...

Ramacharitam and the study of Malayalam /

গ্রন্থ-পঞ্জীর বিবরন
প্রধান লেখক: George, K. M.
বিন্যাস: Printed Book
ভাষা:English
প্রকাশিত: N B S, 1956.
মালা:v2
LEADER 00375nam a2200121Ia 4500
008 150624b xxu||||| |||| 00| 0 eng d
100 |a George, K. M. 
245 |a Ramacharitam and the study of Malayalam /  |c K. M. George 
260 |b N B S,  |c 1956. 
490 |a v2 
942 |c BK 
999 |c 15399  |d 15399 
952 |0 0  |1 0  |4 0  |7 0  |9 15398  |a UL  |b UL  |c ST2  |d 1998-09-01  |l 0  |p 23425  |r 2012-10-27  |w 2012-10-27  |y BK